<?xml version="1.0" encoding="UTF-8"?>
<collection xmlns="http://www.loc.gov/MARC21/slim">
  <record>
    <leader>00000nam  2200000   4500</leader>
    <controlfield tag="001">INLIS000000000000103</controlfield>
    <controlfield tag="005">20190225114255</controlfield>
    <datafield tag="035" ind1="#" ind2="#">
      <subfield code="a">0010-0718000103</subfield>
    </datafield>
    <controlfield tag="008">190225################g##########0#ind##</controlfield>
    <datafield tag="020" ind1="#" ind2="#">
      <subfield code="a">9793925035</subfield>
    </datafield>
    <datafield tag="041" ind1=" " ind2=" ">
      <subfield code="a">id</subfield>
    </datafield>
    <datafield tag="082" ind1="#" ind2="#">
      <subfield code="a">025.3</subfield>
    </datafield>
    <datafield tag="090" ind1=" " ind2=" ">
      <subfield code="a">025.3 Suh p</subfield>
    </datafield>
    <datafield tag="100" ind1=" " ind2="#">
      <subfield code="a">Suhendar, Yaya</subfield>
    </datafield>
    <datafield tag="245" ind1="1" ind2="#">
      <subfield code="a">Pedoman Katalogisasi: Cara Mudah Membuat Katalog Perpustakaan /</subfield>
      <subfield code="c">Yaya Suhendar</subfield>
    </datafield>
    <datafield tag="250" ind1="#" ind2="#">
      <subfield code="a">Ed. 1</subfield>
    </datafield>
    <datafield tag="260" ind1="#" ind2="#">
      <subfield code="a">Jakarta :</subfield>
      <subfield code="b">Kencana prenada media group,</subfield>
      <subfield code="c">2010</subfield>
    </datafield>
    <datafield tag="300" ind1="#" ind2="#">
      <subfield code="a">x, 105 hlm. :</subfield>
      <subfield code="b">ilus ;</subfield>
      <subfield code="c">21 cm</subfield>
    </datafield>
    <datafield tag="500" ind1="#" ind2="#">
      <subfield code="a">Perpustakaan merupakan sarana di dalam memajukan dan meningkatkan kecerdasan bangsa, karena di perpustakaanlah tempat segala macam bacaan ilmu pengetahuan dikumpulkan dan dikelola dengan baik. Namun sangat disayangkan, kesadaran yang kian meluas akan pentingnya peran perputakaan tidak disertai dengan kemampuan para pengelolanya menata perpustakaan sesuai dengan standar sistem katalogalisasi, sehingga perpustakaan bisa dipakai secara praktis dan efisien oleh penggunanya.</subfield>
    </datafield>
    <datafield tag="650" ind1=" " ind2="#">
      <subfield code="a">Perpustakaan - katalogisasi</subfield>
    </datafield>
    <datafield tag="084" ind1="#" ind2="#">
      <subfield code="a">025.3 Suh p</subfield>
    </datafield>
    <datafield tag="856" ind1="#" ind2="#">
      <subfield code="a">Perpustakaan Lembaga Administras Negara</subfield>
    </datafield>
  </record>
</collection>
